Responses for Show #3097 - Tuesday, February 3, 1998

1998 Tournament of Champions quarterfinal game 2.

Contestants

[<< previous game]

Josh Den Hartog, a Teen Tournament winner from Otley, Iowa

Claudia Perry, a pop music critic from Jersey City, New Jersey

Paul Gutowski, a counselor from Rockford, Illinois

[next game >>]

Jeopardy! Round responses

AT HOME ON THE STAGE
BIERCE'S DEVIL'S DICTIONARY
CHAMPIONS OF TOURNAMENTS
THE 3 Bs
DOUBLE "B"s
THE BEE
    $100 6
"A Doll's House"

Paul
    $100 30
Novel

Claudia
    $100 1
Chess

Josh
    $100 20
Deafness

Josh
    $100 14
Gobble

Paul
    $100 21
(P: What is pollen?)

Nectar

PaulJosh
    $200 18
"The Importance of Being Earnest"

Claudia
    $200 12
love

Josh
    $200 2
Vicario

Josh
    $200 5
(J: Who is Bach?)
(P: Who is Beethoven?)

Brahms

PaulClaudiaJosh
    $200 17
Nibbles

Claudia
    $200 22
Antarctica

Josh
    $300 19
"Our Town"

Josh
    $300 16
(C: What is death?)
(P: What is his wedding?)

Birth

PaulClaudiaJosh
    $300 3
Nebraska

Josh
    $300 7
"The Brandenburg Concertos"

Paul
    $300 8
Cobbler

Josh
    $300 11
(P: What is chlorophyll?)

Pollen

Paul
Triple Stumper
    $400 25
(Less than a minute to go in the round)

"Tobacco Road"

Claudia
    $400 28
Revolution

Claudia
    $400 4
Cricket

Paul
    $400 15
(J: Who are Bach & Brahms?)

Beethoven & Brahms

PaulJosh
    $400 10
(C: What are roustabouts?)

Rabble

PaulClaudia
    $400 23
Eyes

Josh
    $500 26
"A Raisin in the Sun"

Claudia
    $500 29
Cynics

Triple Stumper
    $500 9
Bridge

Claudia
    $500 27
"Fidelio"

Triple Stumper
    $800 13
(J: no response)

Kibbutz

Josh
    $500 24
Dancing

Josh

Scores at the first commercial break (after clue 13):

Paul Claudia Josh
$700 $300 $100

Scores at the end of the Jeopardy! Round:

Paul Claudia Josh
$800 $1,800 $1,600

Double Jeopardy! Round responses

HIGH PLACES
EXTRAORDINARY MEASURES
DEATH IN POP
DIRTY ROTTEN SCOUNDRELS
HE ASKED GOD
DEPT. OF REDUNDANCY DEPT.
    $200 10
Mount Kilimanjaro

Josh
    $200 27
10

Josh
    $200 1
"Candle In The Wind"

Josh
    $200 29
the Chicago White Sox

Claudia
    $200 2
(Claudia: Who is Jacob?)

Cain

ClaudiaJosh
    $200 14
in the morning

Josh
    $400 22
Mount Rainier

Claudia
    $400 16
incubation

Claudia
    $800 4
(Claudia: Yesss!)

"Leader Of The Pack"

Claudia
    $400 30
Bill Cosby

Josh
    $400 3
Moses

Claudia
    $400 15
bare

Paul
    $600 23
the Pyrenees

Claudia
    $600 28
an ode

Josh
    $600 5
Angel

Josh
    $600 12
Steve Martin

Paul
    $600 6
David

Claudia
    $600 18
close proximity

Josh
    $1,000 24
the Alps

Claudia
    $800 20
model trains

Josh
    $800 7
the reaper

Claudia
    $800 13
Aaron Burr

Josh
    $800 9
(Paul: Who is Mary?)
(Claudia: Who is Sarah?)

Abraham

PaulClaudia
Triple Stumper
    $800 19
free gift

Paul
    $1000 26
(Paul: What are the Apines?)

the Apennines

PaulJosh
    $1000 25
(Josh: What is 50?)

15

PaulJosh
    $1000 8
The Smiths

Claudia
    $1000 17
Osceola

Claudia
    $1000 11
Solomon

Paul
    $1000 21
(Paul: What is return?)

revert

Paul
Triple Stumper

Scores at the end of the Double Jeopardy! Round:

Paul Claudia Josh
$1,800 $8,000 $6,400

Final Jeopardy! Round responses

ASIAN NATIONS
(Alex: 21 million people there.)
PaulWhat is North Korea?
$1,798
JoshWhat is Iran
$6,386
ClaudiaWhat is Vietnam?
$500
Taiwan (Republic of China)

Final scores:

Paul Claudia Josh
$2 $7,500 $14
3rd place: $2,500 if eliminated Automatic semifinalist 2nd place: $2,500 if eliminated

Game dynamics:

Coryat scores:

Paul Claudia Josh
$1,800 $7,400 $7,200
11 R,
7 W
19 R
(including 2 DDs),
4 W
24 R,
4 W
(including 1 DD)

Combined Coryat: $16,400

[game clues] [game scores] [suggest correction]

Game tape date: Unknown
The J! Archive is created by fans, for fans. Scraping, republication, monetization, and malicious use prohibited; this site may use cookies and collect identifying information. See terms. The Jeopardy! game show and all elements thereof, including but not limited to copyright and trademark thereto, are the property of Jeopardy Productions, Inc. and are protected under law. This website is not affiliated with, sponsored by, or operated by Jeopardy Productions, Inc. Join the discussion at JBoard.tv.